00781 a2200205 4500003000500000005001700005020001500022040000900037082001500046100002000061245008700081260003700168300001200205505012700217610003600344650002800380942002400408999001900432952012400451NUST20221230172743.0 a0383026207 cNust a363.32,SCH aSchneier, Bruce aBeyond fear : bthinking sensibly about security in an uncertain /cBruce Schneier aNew YorkbCopernicus Booksc2003 a295 p.; aPart One- Sensible Security (Page-1), Part Two- How Security Works (Page-45), Part Three- The Game of Security (Page-255). aTerrorim-USA-Prevention9106523 aWar on terrorism962850 2ddccBKk363.32,SCH c198629d198629 00102ddc4070aMCSbMCScGENd2016-12-12o363.32,SCHpMCS30579r2016-12-08w2016-12-12yBKzAlmirah No.54, Shelf No.1